|
|
|
|
| LEADER |
01372cam a2200289 i 4500 |
| 001 |
4597299 |
| 003 |
GR-PaULI |
| 005 |
20210117210920.0 |
| 008 |
760324s1976 nyua b 101 0 eng |
| 952 |
|
|
|0 0
|1 0
|2 ddc
|4 0
|6 Π_Σ_546_300000000000000_NAT
|7 0
|9 232910
|a LISP
|b LISP
|c REF
|d 2019-06-11
|i 05537
|l 0
|o Π/Σ 546.3 NAT
|p 025000113697
|r 2019-06-11 00:00:00
|t 1
|v 2019.00
|w 2019-06-11
|y BKN
|
| 999 |
|
|
|c 141395
|d 141395
|
| 010 |
|
|
|a 76010692
|
| 020 |
|
|
|a 030635716X
|c
|
| 040 |
|
|
|a DLC
|c GR-PaULI
|d
|b gre
|e AACR2
|
| 082 |
0 |
0 |
|a 546.3
|2 23
|
| 111 |
|
|
|a NATO Advanced Study Institute on Electronic Structure and Reactivity of Metal Surfaces
|d (1975 :
|c Facultés universitaires Notre-Dame de la Paix)
|9 176196
|
| 245 |
1 |
0 |
|a Electronic structure and reactivity of metal surfaces /
|b
|c edited by E. G. Derouane and A. A. Lucas.
|
| 260 |
|
|
|a New York :
|b Plenum Press,
|c c1976.
|
| 300 |
|
|
|a xiii, 633 σ. :
|b εικ. ;
|c 26 εκ.
|
| 490 |
1 |
|
|a NATO advanced study institutes series : Series B, Physics
|v 16.
|
| 504 |
|
|
|a Περιλαμβάνει βιβλιογραφικές παραπομπές και ευρετήριο.
|
| 650 |
|
4 |
|a Μέταλλα
|9 2170
|
| 700 |
1 |
|
|a Derouane, E. G.
|9 66799
|e επιμελητής.
|
| 700 |
1 |
|
|a Lucas, A. A.
|9 176197
|e επιμελητής.
|
| 830 |
|
0 |
|9 162287
|a NATO ASI series.
|p Physics
|v 16.
|
| 942 |
|
|
|2 ddc
|c BKN
|
| 998 |
|
|
|c ΜΠΟΥΡΑΣ
|d 2019-06
|